Once de setiembre del 20011 09 2001. Entrevista a Noam Chomsky /

Salvato in:
Dettagli Bibliografici
Autore principale: Chomsky, Noam
Altri autori: Aguilar, Carmen, tr
Natura: testo
Pubblicazione: RBA. Oceano :
Soggetti:
Tags: Aggiungi Tag
Nessun Tag, puoi essere il primo ad aggiungerne!!

MARC

LEADER 00000 a a2200000 04500
001 28958
003
040 |a CRAI/IIS  |c CRAI/IIS 
020 |a 970-651-575-9  
022 |a 970-651-575-9  
090 |a 191100  
100 |a Chomsky, Noam  
245 |a Once de setiembre del 20011 09 2001. Entrevista a Noam Chomsky /  |c Noam Chomsky 
260 |a RBA. Oceano :  
300 |a 141 p  
500 |a Título original: 9-11. Entrevistas realizaTítulo original: 9-1Entrevistas realizaTítulo original: 9-1Entrevistas realizadas durante el mes posterior a los ataques del 11 de set. 2001 al World Trade Center y al Pentágono  
650 |a TERRORISMO  
650 |a ENTREVISTAS  
700 |a Aguilar, Carmen  
700 |a tr  
999 |c 5890  |d 5890